|
|
|
|
| LEADER |
00000nam a22000007a 4500 |
| 005 |
20180405002758.0 |
| 007 |
cr|||| |||| |
| 008 |
180405s2017 es |||||s|||| 00||0 spa d |
| 020 |
|
|
|a 978-84-9148-487-5
|
| 035 |
|
|
|a 21315
|
| 040 |
|
|
|a vLex
|
| 090 |
|
|
|c 7664
|d 7664
|
| 100 |
1 |
|
|a Garca̕ Romero, Belň
|
| 245 |
1 |
0 |
|a Cuestiones actuales de la prestacin̤ farmacǔtica y los medicamentos
|h [Recurso electrn̤ico] /
|c Belň Garca̕ Romero
|
| 256 |
|
|
|a Servicio en ln̕ea
|
| 260 |
|
|
|a Madrid:
|b Dykinson,
|c 2017
|
| 300 |
|
|
|a 1 recurso electrn̤ico
|
| 500 |
|
|
|a El derecho a la proteccin̤ de la salud, del que forma parte inherente la prestacin̤ farmacǔtica, est ̀reconocido en el art. 43 CE dentro de los principios rectores de la polt̕ica social y econm̤ica. Tal configuracin̤ implica que su exigibilidad requiere de la intervencin̤ normativa del legislador, a quien compete definir los “derechos y deberes de todos al respecto” (art. 43.1 CE) y, al mismo tiempo, “organizar y tutelar la salud pb︢lica a travš de medidas preventivas y de las prestaciones y servicios necesarios” (art. 43.2 CE). En desarrollo de este mandato constitucional, la actuacin̤ de los poderes pb︢licos en el m̀bito de la prestacin̤ farmacǔtica se desarrolla en dos planos diferentes. De un lado, aquellos deben adoptar las medidas necesarias para garantizar el acceso a la prestacin̤ farmacǔtica a las personas que lo necesiten y, de otro, deben garantizar la seguridad y la calidad de los medicamentos. Esta doble vertiente est ̀presente en la obra titulada “Cuestiones actuales de la prestacin̤ farmacǔtica y los medicamentos”, donde los autores reflexionan sobre los ml︢tiples problemas jurd̕icos que se plantean en la materia tales como la investigacin̤ farmacǔtica, los sujetos protegidos en el actual sistema nacional de salud, el contenido de la prestacin̤ farmacǔtica y su financiacin̤, la libre competencia en el mercado de los medicamentos y la publicidad de los mismos, la distribucin̤ de los productos sanitarios, la posible responsabilidad civil del farmacǔtico, as ̕como el tratamiento de la talidomida y de las enfermedades raras.
|
| 506 |
1 |
|
|a Disponible solo en los productos indicados
|d vLex Global
|d vLex Global (Academic Edition, excluding Law Schools)
|d vLex Global (U.S. Academic Edition, Law Schools)
|d vLex Global (U.S. Academic Edition, excluding Law Schools)
|d vLex Global (Academic Edition, Law Schools)
|
| 650 |
0 |
4 |
|a Derecho Laboral y Seguridad Social
|z Espaą
|
| 740 |
0 |
|
|a vLex Libros (Servicio en ln̕ea)
|
| 856 |
4 |
0 |
|u http://vlex.com/source/cuestiones-actuales-de-la-prestacion-farmaceutica-y-los-medicamentos-21315
|z Acceso restringido
|
| 942 |
|
|
|c BOOK
|
| 999 |
0 |
|
|a Labor law and social security
|